000 00632nam a2200229Ia 4500
005 20260320201920.0
008 008 262003s9999 xx 000 0 eng d
037 _aEBOOK
040 _aCRL
040 _beng
040 _cCRL
041 _2eng
041 _aeng
084 _qCRL
100 _aGuilmette
_91136298
245 0 _aMicrosoft 365 Identity and Services Exam Guide MS-100: Expert tips and techniques to pass the MS-100 exam on the first attempt
260 _bIEEE
856 _uhttps://ieeexplore.ieee.org/servlet/opac?bknumber=10251385
942 _cEBOOK
999 _c1724259
_d1724259